La inquietante extrañez

Saved in:
Bibliografiske detaljer
Main Authors: Uribe Arce, Armando (Author), Echeverría, Cecilia (Author)
Format: Bog
Sprog:spansk
Udgivet: Talca Universidad de Talca 2012
Udgivelse:2a. ed
Serier:Colección Literatura y Humanidades
Fag:
Tags: Tilføj Tag
Ingen Tags, Vær først til at tagge denne postø!

MARC

LEADER 00000cam a2200000 a 4500
001 UCD9599
003 CL-VaPUC
008 170630e20120000cl |||||||||||||||||spa|d
020 |a 9789563290134 
082 0 4 |a Ch861  |b URI  |2 21 
100 0 |a Uribe Arce, Armando  |e author  |9 461724 
700 0 |a Echeverría, Cecilia  |e author  |9 593276 
245 1 3 |a La inquietante extrañez 
250 |a 2a. ed 
300 |a 129 p 
942 |c BK 
945 |d 20170630 21:31:00  |a dcastane 
260 |a Talca  |b Universidad de Talca  |c 2012 
650 0 |a Poesías chilenas   |9 265280 
650 0 |a Literatura chilena   |9 308278 
650 7 |a COLLAGE  |2 CL-VaPUC  |9 593277 
583 |a last modification  |c 20170630 21:31:00  |k Rodrigo Vera 
490 0 |a Colección Literatura y Humanidades 
999 |c 368700  |d 368698 
952 |0 0  |1 0  |2 ddc  |3 erb  |4 0  |6 CH_861_000000000000000_URI_2012  |7 0  |8 A  |9 484104  |a BIBART  |b BIBART  |i 5402743  |o Ch861 URI 2012  |p 5402743  |r 2025-03-13  |w 2019-11-24  |y BK  |z Catalogado en:20170630  |k ART